Statistiken für Geographie nach Buchstabe K

Klicken Sie hier um das Quiz zu spielen!

Allgemein

  • Dieses Quiz wurde 145 mal gespielt
  • Das Durchschnittsergebnis liegt bei 8 aus 10

Antwortstatistiken

HintAntwort% Korrekt
Land das an Russland grenztKasachstan
98%
Us Staat an der West KüsteKalifornien
92%
Land in SüdamerikaKolumbien
92%
2. Höchster BergK2
87%
Fluss in AfrikaKongo
86%
Ethnische Minderheit die in der
Türkei und Irak leben
Kurden
85%
Nicht vollständig anerkanntes Land
in Europa
Kosovo
84%
Hauptstadt von der Demokratischen
Republik Kongo
Kinshasa
64%
Ehemalige Stadt in OstpreußenKönigsberg
57%
Monarch von SchwedenKönig Carl Gustav
5%

Verteilung der Resultate

Perzentil nach korrekt beantworteten Fragen

Anzahl Personen mit jedem Resultat

Ihre Resultats-Entwicklung

Sie haben dieses Quiz noch nicht gespielt